00510nam a2200169 a 450000100060000000300090000600800410001502000140005604000280007008200170009810000270011524500620014226000310020430000110023565000360024665000580028216198CO-ViMGA141112s2004 ck r 000 u spa d a958490681 aCO-ViMGAbspacCO-ViMGA04a330.986 I5771 aKalmanovitz, Salomón10aLas instituciones y el desarrollo económico en Colombia aBogotá : bNorma, c2001 a304.p.14aCOLOMBIA - Política ECONOMICA14aEconomía - COLOMBIANA - ENSAYOS - CONFERENCIAS, ETC